| 000 | 01760pam a2200349 a 4500 | ||
|---|---|---|---|
| 001 | 4979290 | ||
| 005 | 20020902120229.0 | ||
| 008 | 980310s1998 nyua b 001 0 eng | ||
| 010 | _a 98016162 | ||
| 020 | _a0521550564 | ||
| 020 | _a0521559596 (pbk.) | ||
| 020 | _a9780521550567 | ||
| 040 |
_aDLC _cDLC _dDLC |
||
| 050 | 0 | 0 |
_aTK7871.99.M44 _bT38 1998 |
| 082 | 0 | 0 |
_a621.395 _221 _bTAU |
| 100 | 1 |
_aTaur, Yuan, _d1946- _99288 |
|
| 245 | 1 | 0 |
_aFundamentals of Modern VLSI Devices / _cYuan Taur, Tak H. Ning. |
| 260 |
_aCambrige, UK : _bCambridge University Press, _cc1998. |
||
| 300 |
_axxii, 469 p. : _bill. ; _c26 cm. |
||
| 504 | _aIncludes bibliographical references and index. | ||
| 650 | 0 |
_aMetal oxide semiconductors, Complementary. _99289 |
|
| 650 | 0 |
_aBipolar transistors. _99290 |
|
| 650 | 0 |
_aIntegrated circuits _xVery large scale integration. _99291 |
|
| 700 | 1 |
_aNing, Tak H., _d1943- _99292 |
|
| 856 | 4 | 1 |
_3Table of contents _uhttp://www.loc.gov/catdir/toc/cam024/98016162.html |
| 856 | 4 | 2 |
_3Publisher description _uhttp://www.loc.gov/catdir/description/cam029/98016162.html |
| 942 |
_2ddc _cBB |
||
| 999 |
_c12891 _d12891 |
||